| 000 | 00641nam a2200229 a 4500 | ||
|---|---|---|---|
| 999 |
_c8288 _d8288 |
||
| 001 | 8288 | ||
| 003 | BD-JhCC | ||
| 005 | 20180220164407.0 | ||
| 008 | 171015s2009 bg a|||| ||a| 000 0 ben d | ||
| 020 | _a9847005901095 | ||
| 035 | _a(BD-JhCC)8288 | ||
| 040 |
_aBD-JhCC _dBD-JhCC |
||
| 041 | _aben | ||
| 082 |
_a780.1 _bWAH 2009 |
||
| 100 | _aওয়াহিদ, শেখ | ||
| 245 |
_aগীতি সমগ্র / _c শেখ ওয়াহিদ |
||
| 260 |
_aঢাকা : _bউৎস প্রকাশন, _c2009. |
||
| 300 |
_a976 p.; _c22 cm. _bill.; |
||
| 650 |
_asongs _zBangladesh |
||
| 942 |
_2ddc _cBK |
||